[Event "Budapest Spring Open 2017"]
[Site "masterchessopen.com Budapest HUN"]
[Date "2017.03.19"]
[Round "2.23"]
[White "Szabo,Marton Mihaly"]
[Black "Horvath,Ad1"]
[Result "0-1"]
[WhiteElo "2336"]
[BlackElo "2478"]

1.e4 c5 2.Nf3 Nc6 3.Bb5 Qb6 4.Nc3 e6 5.O-O Nge7 6.Re1 a6 7.Bf1 Ng6 8.d3 Be7
9.g3 d6 10.Bg2 O-O 11.h4 h6 12.Rb1 Qc7 13.Be3 b5 14.a4 b4 15.Ne2 e5 16.Qd2 Be6
17.b3 Rfd8 18.h5 Nf8 19.Nh2 d5 20.exd5 Bxd5 21.Bh3 Nh7 22.Bf5 Ng5 23.Bxg5 Bxg5
24.f4 exf4 25.gxf4 Bh4 26.Rf1 c4 27.Nf3 Qa7+ 28.Kh2 c3 29.Nxc3 bxc3 30.Qxc3
Bxf3 31.Rxf3 Nd4 32.Rh3 Nxf5 33.Rg1 Qf2+ 34.Rg2 Qxf4+ 35.Kg1 Re8 {#R} 0-1

[Event "Budapest Spring Open 2017"]
[Site "masterchessopen.com Budapest HUN"]
[Date "2017.03.19"]
[Round "2.25"]
[White "Magen,Daniel"]
[Black "Reshef,O"]
[Result "0-1"]
[WhiteElo "2144"]
[BlackElo "2466"]

1.e4 e5 2.Nf3 Nc6 3.Bc4 Bc5 4.c3 Nf6 5.d4 exd4 6.cxd4 Bb4+ 7.Bd2 Bxd2+ 8.Nbxd2
d5 9.exd5 Nxd5 10.Qb3 Nce7 11.O-O O-O 12.Rfe1 c6 13.Ne4 Nb6 14.Nc5 Nxc4
15.Qxc4 b6 16.Nd3 a5 17.Nde5 Be6 18.Qd3 h6 19.Re2 Qd5 20.Rae1 Qxa2 21.b3 Qxb3
22.Qxb3 Bxb3 23.Nd7 Be6 24.Nxf8 Kxf8 25.Ne5 Ra7 26.Nxc6 Nxc6 27.d5 Nd4 28.Re4
Nc2 29.R1e2 Rd7 30.Rxc2 Rxd5 31.Re1 b5 32.Rc7 b4 33.Rb7 Rc5 34.f3 g6 35.Kf2
Rc2+ 36.Re2 b3 37.Rxc2 bxc2 38.Rc7 Bb3 39.Ke2 a4 40.Kd2 a3 41.Ra7 a2 42.Kc1
Ke8 43.Kb2 Kd8 44.Kc1 Kc8 45.Kb2 Kb8 46.Ra3 Kc7 47.Ra7+ Kd6 48.Ra5 Kc6 49.f4
h5 50.h4 f6 51.g3 f5 52.Ra8 Kd5 53.Ra7 Kd4 54.Ra3 Kc4 55.Ra8 Kd3 56.Rd8+ Ke2
57.Ra8 Bd5 58.Rc8 Kd1 59.g4 fxg4 60.f5 a1=Q+ {#R} 0-1

[Event "Budapest Spring Open 2017"]
[Site "masterchessopen.com Budapest HUN"]
[Date "2017.03.19"]
[Round "2.26"]
[White "Hoang Thanh Trang"]
[Black "Kozak,Adam"]
[Result "1-0"]
[WhiteElo "2463"]
[BlackElo "2361"]

1.d4 d5 2.c4 e6 3.Nf3 Nf6 4.g3 Bb4+ 5.Bd2 Bd6 6.Nc3 Nc6 7.Bg5 dxc4 8.e4 e5
9.dxe5 Nxe5 10.Nxe5 Bxe5 11.Qxd8+ Kxd8 12.O-O-O+ Ke8 13.Bxc4 Bxc3 14.bxc3 Be6
15.Bd5 Bxd5 16.exd5 Kd7 17.Bxf6 gxf6 18.Rd4 Rae8 19.Rhd1 Re5 20.Rf4 Ke7 21.Rb4
Rb8 22.Kc2 Kd7 23.Rd3 Re2+ 24.Rd2 Re5 25.a4 Kd6 26.Rf4 Ke7 27.Rc4 Kd6 28.Rf4
Ke7 29.Rd3 Rd8 30.c4 b6 31.Rh4 h5 32.Re3 Rh8 33.g4 Kf8 34.Rxe5 fxe5 35.Kd3 Rg8
36.gxh5 Rg2 37.Ke3 Rg5 38.h6 Kg8 39.f4 Rg1 40.fxe5 Re1+ 41.Kf4 Kh7 42.Kf5 Rf1+
43.Rf4 Re1 44.Kf6 {#r} 1-0

[Event "Budapest Spring Open 2017"]
[Site "masterchessopen.com Budapest HUN"]
[Date "2017.03.19"]
[Round "2.27"]
[White "Lizak,P"]
[Black "Aguera Naredo,J"]
[Result "1-0"]
[WhiteElo "2453"]
[BlackElo "2353"]

1.d4 Nf6 2.Nc3 d5 3.Bf4 c6 4.e3 Bf5 5.f3 e6 6.g4 Bg6 7.h4 h6 8.Bd3 Bxd3 9.Qxd3
Qb6 10.Nge2 Qa6 11.Qxa6 Nxa6 12.O-O-O h5 13.Rdg1 Bb4 14.Be5 Ke7 15.gxh5 Rh7
16.Nf4 Bxc3 17.bxc3 Ne8 18.h6 gxh6 19.Nh5 f6 20.Bf4 Kf7 21.Rg2 Nac7 22.Rhg1
Nb5 23.Kb2 Rd8 24.Rg8 Nbd6 25.Bxd6 {#r} 1-0

[Event "Budapest Spring Open 2017"]
[Site "masterchessopen.com Budapest HUN"]
[Date "2017.03.19"]
[Round "2.28"]
[White "Grinberg,E"]
[Black "Primbetov,K"]
[Result "1-0"]
[WhiteElo "2451"]
[BlackElo "2258"]

1.e4 e6 2.d4 d5 3.Nd2 dxe4 4.Nxe4 Bd7 5.Nf3 Bc6 6.Bd3 Nd7 7.Qe2 Ngf6 8.Ng3
Bxf3 9.Qxf3 c6 10.O-O Be7 11.Re1 O-O 12.c3 Re8 13.Bf4 Bf8 14.Re2 Qa5 15.Ne4
Nxe4 16.Bxe4 g6 17.Bd3 Bg7 18.Qg3 Rac8 19.Qh3 Rcd8 20.Bc4 b5 21.Bb3 c5 22.Bg5
Bf6 23.Bxf6 Nxf6 24.dxc5 Qc7 25.Qf3 Kg7 26.c6 Rd6 27.a4 Qa5 28.Re5 a6 29.Rd1
Red8 30.Rxd6 Rxd6 31.g3 Rd2 32.Rc5 Qb6 33.Qe3 Rd8 34.axb5 Ng4 35.Qg5 f6
36.Qxg4 Qxc5 37.Qxe6 axb5 38.Qf7+ Kh6 39.Qxf6 Rf8 40.Qd4 Qe7 41.Bd5 Rd8 42.c4
b4 43.Kg2 Qd6 44.Qa7 Rc8 45.Qd7 Qb8 46.Be6 Rc7 47.Qd2+ Kg7 48.Qd4+ Kh6 49.Qf4+
Kg7 50.Qe5+ Kh6 51.Bd7 Qd8 52.h4 b3 53.Qe3+ Kg7 54.Qxb3 Qf6 55.Qb5 Ra7 56.Qc5
Rc7 57.b4 {#r} 1-0

[Event "Budapest Spring Open 2017"]
[Site "masterchessopen.com Budapest HUN"]
[Date "2017.03.19"]
[Round "2.30"]
[White "Livaic,Leon"]
[Black "Jusup,M"]
[Result "1-0"]
[WhiteElo "2446"]
[BlackElo "2226"]

1.d4 Nf6 2.c4 e6 3.Nf3 b6 4.Nc3 Bb7 5.Qc2 Bb4 6.e3 Ne4 7.Bd3 Bxc3+ 8.bxc3 f5
9.O-O d6 10.Nd2 Nxd2 11.Bxd2 O-O 12.e4 Qf6 13.Rae1 Nd7 14.exf5 exf5 15.Re2 Rf7
16.f3 g5 17.Rfe1 Raf8 18.Re6 Qg7 19.h4 h6 20.hxg5 hxg5 21.Qc1 Nf6 22.Bxg5 Qg6
23.g4 Rg7 24.Bxf6 Rxf6 25.Re8+ Rf8 26.Rxf8+ Kxf8 27.Qe3 Bc6 28.Kf2 Bd7 29.Rh1
Qg5 30.Qxg5 Rxg5 31.Rh7 Ke8 32.f4 Rg8 33.Bxf5 Bxf5 34.gxf5 Kd8 35.Kf3 Re8
36.Rg7 a6 37.Kg4 c5 38.f6 b5 39.cxb5 axb5 40.dxc5 dxc5 41.Kf5 Rh8 42.Ra7 {#r}
1-0

[Event "Budapest Spring Open 2017"]
[Site "masterchessopen.com Budapest HUN"]
[Date "2017.03.19"]
[Round "2.31"]
[White "Kovalev,Vl"]
[Black "Joo,J"]
[Result "1-0"]
[WhiteElo "2598"]
[BlackElo "2109"]

1.e4 c5 2.Be2 Nc6 3.f4 g6 4.Nf3 Bg7 5.d3 d6 6.c3 Nh6 7.O-O O-O 8.Kh1 Rb8 9.Be3
b5 10.a3 a5 11.d4 cxd4 12.cxd4 d5 13.exd5 Qxd5 14.Nc3 Qe6 15.Bg1 Na7 16.d5 Qd7
17.Ne5 Qb7 18.Bf3 Qa6 19.Bxa7 Bxe5 20.Bxb8 Bxb8 21.Be2 Nf5 22.Bxb5 Qf6 23.Qd2
Ba7 24.Ne4 Qb6 25.a4 Rd8 26.Rac1 Bb7 27.Rc5 h5 28.Rfc1 h4 29.Bc6 h3 30.g4 Nd6
31.Nxd6 Rxd6 32.Bxb7 Qxb7 33.Rc8+ Kh7 34.R8c7 Qb3 35.R1c3 Rxd5 36.Rxb3 Rxd2
37.Rxh3+ {#r} 1-0

[Event "Budapest Spring Open 2017"]
[Site "masterchessopen.com Budapest HUN"]
[Date "2017.03.19"]
[Round "2.32"]
[White "Karacsonyi,Gellert"]
[Black "Azarov,S"]
[Result "0-1"]
[WhiteElo "2250"]
[BlackElo "2585"]

1.e4 e5 2.Nf3 Nc6 3.Bb5 Nge7 4.Nc3 d6 5.d4 a6 6.Bc4 b5 7.Bd5 b4 8.Ne2 Nxd5
9.exd5 Ne7 10.dxe5 dxe5 11.Nxe5 Qxd5 12.Qxd5 Nxd5 13.O-O f6 14.Nd3 Kf7 15.Bd2
a5 16.Rfe1 Be7 17.Nd4 c5 18.Ne2 Rd8 19.Ndf4 Nb6 20.Rad1 Bf5 21.Be3 Rxd1
22.Rxd1 Bxc2 23.Rd2 Bb1 24.Nd5 Nxd5 25.Rxd5 Bxa2 26.Rd7 Be6 27.Rc7 Rd8 28.f3
Rd7 29.Rc6 Bd5 30.Rc8 Bb7 {#R} 0-1

[Event "Budapest Spring Open 2017"]
[Site "masterchessopen.com Budapest HUN"]
[Date "2017.03.19"]
[Round "2.33"]
[White "Aczel,G"]
[Black "Dencsi,T"]
[Result "1-0"]
[WhiteElo "2555"]
[BlackElo "2314"]

1.d4 Nf6 2.c4 e6 3.Nc3 Bb4 4.e3 O-O 5.Nf3 b6 6.Bd2 d5 7.Rc1 Bb7 8.cxd5 exd5
9.Bd3 Re8 10.O-O Nbd7 11.Nb5 Bxd2 12.Nxd2 Ba6 13.Nb3 Bxb5 14.Bxb5 Re6 15.Bc6
Rb8 16.Qd3 a5 17.Rc2 Nf8 18.Rfc1 Re7 19.Nd2 Qd6 20.h3 Ne6 21.Qf5 Nd8 22.Nf3 g6
23.Qg5 Kg7 24.Nh4 Qe6 25.Qf4 Ne4 26.Nf3 f6 27.Ba4 g5 28.Qh2 Rb7 29.Rxc7 Nd6
30.Rxb7 Rxb7 31.Qg3 h6 32.Nd2 b5 33.Bd1 Nc4 34.Nb3 Rf7 35.Nc5 Qf5 36.b3 Nd2
37.Bh5 Re7 38.Qd6 {#r} 1-0

[Event "Budapest Spring Open 2017"]
[Site "masterchessopen.com Budapest HUN"]
[Date "2017.03.19"]
[Round "2.34"]
[White "Ilic,Zo1"]
[Black "Kobo,Ori"]
[Result "0-1"]
[WhiteElo "2309"]
[BlackElo "2501"]

1.d4 Nf6 2.Nf3 d5 3.c4 e6 4.g3 Bb4+ 5.Bd2 Bd6 6.Bg2 c6 7.Qc2 Nbd7 8.O-O O-O
9.Bg5 h6 10.Bxf6 Nxf6 11.Nc3 dxc4 12.Nd2 Bc7 13.e3 e5 14.dxe5 Bxe5 15.Nxc4 Bc7
16.Rad1 Qe7 17.e4 Be6 18.Ne3 Rad8 19.h3 h5 20.Rxd8 Rxd8 21.Rd1 Rxd1+ 22.Qxd1
Qc5 23.Qd3 h4 24.g4 g6 25.Nf1 Be5 26.a3 Bd4 27.Qd2 Bb3 28.Nh2 Kg7 29.g5 Nh5
30.Nf3 Bxc3 31.Qxc3+ Qxc3 32.bxc3 Nf4 33.Bf1 Ne6 34.Nd4 Nc5 35.Nxb3 Nxb3 36.f3
Nd2 37.Kf2 Nb1 38.c4 Nxa3 39.Bd3 b5 40.cxb5 Nxb5 41.Ke3 Kf8 42.f4 Ke7 43.Bc4
a5 44.Bb3 c5 45.f5 Nd4 46.f6+ Kf8 47.Bd5 a4 48.e5 a3 49.Kd3 Nf3 50.e6 fxe6
{#R} 0-1

[Event "Budapest Spring Open 2017"]
[Site "masterchessopen.com Budapest HUN"]
[Date "2017.03.19"]
[Round "2.35"]
[White "Torma,R"]
[Black "Secheres,Ad"]
[Result "1-0"]
[WhiteElo "2499"]
[BlackElo "2284"]

1.d4 Nf6 2.c4 c5 3.d5 e6 4.Nc3 exd5 5.cxd5 d6 6.g3 g6 7.Bg2 Bg7 8.Nf3 O-O
9.O-O Re8 10.Bf4 Ne4 11.Nxe4 Rxe4 12.Nd2 Rxf4 13.gxf4 Bxb2 14.Rb1 Bg7 15.e4
Nd7 16.Re1 Qc7 17.e5 dxe5 18.Nc4 Rb8 19.fxe5 b5 20.e6 fxe6 21.dxe6 Ne5 22.Nxe5
Bxe5 23.Rxe5 Qxe5 24.Qd8+ Kg7 25.Qe7+ Kh6 26.Qf8+ Kg5 27.f4+ {#r} 1-0

[Event "Budapest Spring Open 2017"]
[Site "masterchessopen.com Budapest HUN"]
[Date "2017.03.19"]
[Round "2.36"]
[White "Brustkern,J"]
[Black "Atabayev,Y"]
[Result "0-1"]
[WhiteElo "2215"]
[BlackElo "2470"]

1.d4 Nf6 2.c4 e6 3.Nc3 d5 4.Nf3 c6 5.cxd5 exd5 6.Bg5 Be7 7.Qc2 O-O 8.e3 Nbd7
9.Bd3 Re8 10.O-O-O Nf8 11.h3 a5 12.g4 b5 13.Ne5 Bb7 14.f4 a4 15.Kb1 Qa5 16.Ne2
Rac8 17.Bxf6 Bxf6 18.g5 Bxe5 19.fxe5 b4 20.Rhf1 Rc7 21.Qd2 a3 22.b3 c5 23.dxc5
Rxe5 24.h4 Ne6 25.Nd4 Nxc5 26.Nf5 Qb6 27.Bc2 Ne4 28.Bxe4 Rxe4 29.h5 Rg4 30.Rg1
Rxg1 31.Rxg1 Qe6 32.Nd4 Qe4+ 33.Ka1 Rc3 34.Re1 Qh4 35.h6 Qxg5 36.Qh2 Qxe3
37.Qd2 Rc1+ 38.Qxc1 Qxd4+ 39.Kb1 gxh6 40.Qe3 Qb2# 0-1

[Event "Budapest Spring Open 2017"]
[Site "masterchessopen.com Budapest HUN"]
[Date "2017.03.19"]
[Round "2.38"]
[White "Cohen Revivo,Shoham"]
[Black "Nemeth,Mi1"]
[Result "0-1"]
[WhiteElo "2077"]
[BlackElo "2452"]

1.e4 e5 2.Nf3 Nc6 3.Bc4 Bc5 4.c3 Bb6 5.O-O d6 6.d3 Nf6 7.Nbd2 O-O 8.b4 Ne7
9.Bb3 c6 10.Nc4 Bc7 11.Bg5 Ng6 12.Nh4 Kh8 13.Qf3 h6 14.Bxf6 Nxh4 15.Bxh4 Qxh4
16.Ne3 a5 17.a3 d5 18.h3 d4 19.cxd4 exd4 20.Nc2 Be5 21.g3 Qxh3 22.Qg2 g5
23.Ne1 axb4 24.Nf3 Bd6 25.axb4 Rxa1 26.Rxa1 Qxg2+ 27.Kxg2 Bxb4 28.Rh1 Kg7
29.Nxd4 Rd8 30.Nc2 Rxd3 31.Bxf7 Bc5 32.Rc1 Rd2 {#R} 0-1

[Event "Budapest Spring Open 2017"]
[Site "masterchessopen.com Budapest HUN"]
[Date "2017.03.19"]
[Round "2.39"]
[White "Chekletsov,Ilya"]
[Black "Jamrich,G"]
[Result "1-0"]
[WhiteElo "2391"]
[BlackElo "2244"]

1.d4 e6 2.c4 d5 3.Nf3 Bb4+ 4.Nbd2 Nf6 5.g3 O-O 6.Bg2 c5 7.O-O cxd4 8.cxd5 Qxd5
9.Nb3 d3 10.Nfd4 dxe2 11.Qxe2 Qh5 12.Bf3 Qg6 13.h4 h5 14.Bg5 Nbd7 15.a3 Bd6
16.Rad1 Be5 17.Rfe1 a6 18.Bg2 Bb8 19.Rc1 e5 20.Nc2 Re8 21.Ne3 e4 22.Bh3 Ba7
23.Bf5 Bxe3 24.Bxg6 Bxc1 25.Bxf7+ Kxf7 26.Qc4+ Kg6 27.Bxf6 Nxf6 28.Qxc1 Bg4
29.Qg5+ Kh7 30.Nd2 Rad8 31.Nf1 Rd5 32.Qf4 Rb5 33.b4 a5 34.bxa5 Rxa5 35.Qd6 Bf3
36.Ne3 Rea8 37.Qe7 Rxa3 38.Nf5 Ne8 39.Nd4 Nf6 40.Ne6 Ne8 41.Ng5+ Kh6 42.Qe6+
Nf6 43.Qf5 Rf8 44.Ne6 Rf7 45.Nf4 {#r} 1-0

[Event "Budapest Spring Open 2017"]
[Site "masterchessopen.com Budapest HUN"]
[Date "2017.03.19"]
[Round "2.40"]
[White "Horvath,Dav"]
[Black "Boguszlavszkij,J"]
[Result "1-0"]
[WhiteElo "2375"]
[BlackElo "2160"]

1.d4 Nf6 2.c4 e6 3.Nf3 d5 4.Nc3 Nbd7 5.Bf4 c6 6.e3 Be7 7.h3 O-O 8.Bd3 dxc4
9.Bxc4 Nd5 10.Bg3 N7f6 11.Bd3 Qa5 12.Qb3 b6 13.Ne5 Nb4 14.O-O Bb7 15.Be2 Rad8
16.a3 Na6 17.Nc4 Qf5 18.Nxb6 c5 19.Nba4 Bc8 20.dxc5 Nxc5 21.Nxc5 Bxc5 22.Rfd1
e5 23.Rxd8 Rxd8 24.Rd1 Rxd1+ 25.Bxd1 Bb6 26.Qb5 e4 27.Qc6 Qd7 28.Ba4 Qb7
29.Nxe4 Qxc6 30.Bxc6 Nxe4 31.Bxe4 f5 32.Bd5+ Kf8 33.Be5 Ba6 34.Kh2 g6 35.Kg3
Ke7 36.h4 Bc8 37.Kf3 Be6 38.Bxe6 Kxe6 39.Bd4 Bd8 40.h5 a6 41.hxg6 hxg6 42.e4
Bg5 43.exf5+ Kxf5 44.g4+ Ke6 45.Ke4 Bc1 46.a4 Kd6 47.b4 Kc6 48.Ke5 Bd2 49.b5+
axb5 50.axb5+ Kxb5 51.Kf6 Kc4 52.Be3 Bb4 53.Kxg6 Kd5 54.Kf7 {#r} 1-0

[Event "74th ch-GEO w 2017"]
[Site "masterchessopen.com Tbilisi GEO"]
[Date "2017.03.19"]
[Round "8.4"]
[White "Khurtsidze,N"]
[Black "Mikadze,M"]
[Result "1-0"]
[WhiteElo "2383"]
[BlackElo "2280"]

1.d4 f5 2.Nf3 g6 3.Nc3 Nf6 4.Bg5 d5 5.e3 Bg7 6.Bd3 c6 7.O-O Be6 8.Ne2 Nbd7
9.h3 O-O 10.Bf4 Ne4 11.b3 Kh8 12.c4 Bg8 13.Qc2 a5 14.a3 a4 15.bxa4 dxc4
16.Bxc4 Bxc4 17.Qxc4 Nb6 18.Qb3 Ra7 19.Rfc1 Nd5 20.Be5 Qa5 21.Nf4 Bxe5 22.Nxd5
Bd6 23.Nb6 f4 24.Nd7 Rd8 25.Nc5 Bxc5 26.dxc5 Rd5 27.exf4 e6 28.Ng5 Nxc5
29.Qb2+ Kg8 30.Qf6 b6 31.Re1 Rad7 32.Nxe6 Rf7 33.Qh4 Nxe6 34.Rxe6 Qxa4 35.Qh6
Rd8 36.f5 Qd4 37.Rae1 Qg7 38.fxg6 Rff8 39.gxh7+ Kh8 40.Qxg7+ Kxg7 41.Rxc6 {#r}
1-0

[Event "3rd UT-RGV IM Inv. 2017"]
[Site "masterchessopen.com Brownsville USA"]
[Date "2017.03.19"]
[Round "9.1"]
[White "Serna,Jeffrey M"]
[Black "Zhang,Chao"]
[Result "0-1"]
[WhiteElo "2022"]
[BlackElo "2223"]

1.e4 c5 2.c3 g6 3.d4 cxd4 4.cxd4 d5 5.e5 Nc6 6.Nc3 Bg7 7.Bb5 Nh6 8.Bf4 O-O
9.Qd2 Nf5 10.Bxc6 bxc6 11.g4 Nh4 12.Bg5 Ng2+ 13.Kf1 f6 14.Kxg2 fxg5 15.Qxg5
Rb8 16.b3 c5 17.Nf3 cxd4 18.Ne2 Rxf3 19.Kxf3 d3 20.Ng3 Rb4 21.Kg2 Rxg4 22.Qe3
d4 23.Qxd3 Bb7+ 24.f3 Bxe5 25.Rac1 Qd6 26.Rhg1 Bxg3 27.Kf1 Rf4 28.Rxg3 Ba6
29.Rc4 e5 30.Kg2 Bxc4 31.bxc4 Qc6 32.Kg1 a5 33.Qb3 Kg7 34.Qb8 Qc5 35.Qb7+ Rf7
36.Qb5 Rc7 37.Rg5 Kf6 38.f4 Qxb5 39.cxb5 Rc1+ 40.Kf2 exf4 41.Rd5 Rc2+ 42.Kf3
Rxa2 43.Kxf4 Rxh2 44.Rd6+ Ke7 45.Ra6 Rb2 46.Rxa5 d3 47.Ke3 d2 48.Ke2 Kf6
49.Ra7 Rxb5 50.Rxh7 Rd5 51.Kd1 Kf5 {#R} 0-1

[Event "3rd UT-RGV IM Inv. 2017"]
[Site "masterchessopen.com Brownsville USA"]
[Date "2017.03.19"]
[Round "9.3"]
[White "Vazquez,Guillermo"]
[Black "Kambrath,Y"]
[Result "1-0"]
[WhiteElo "2436"]
[BlackElo "2353"]

1.e4 c5 2.Nf3 d6 3.d4 cxd4 4.Nxd4 Nf6 5.Nc3 a6 6.h3 e5 7.Nb3 Be6 8.f4 Be7 9.f5
Bc8 10.Qf3 b5 11.Be3 Bb7 12.O-O-O Nbd7 13.Bd3 Rc8 14.Nd5 Nxd5 15.exd5 Nf6
16.Be4 Rc4 17.Nd2 Ra4 18.Kb1 Qa5 19.a3 O-O 20.c3 Rc8 21.Bg5 Rxe4 22.Nxe4 Nxe4
23.Bxe7 Nxc3+ 24.bxc3 Qxa3 25.Rd3 Qb3+ 26.Kc1 Rc4 27.Qe2 e4 28.Rg3 b4 29.Rxg7+
{#r} 1-0

[Event "3rd UT-RGV IM Inv. 2017"]
[Site "masterchessopen.com Brownsville USA"]
[Date "2017.03.19"]
[Round "9.4"]
[White "Wang,Justin"]
[Black "Ruiz C,J"]
[Result "1-0"]
[WhiteElo "2177"]
[BlackElo "2343"]

1.e4 c5 2.Nf3 g6 3.c3 Bg7 4.d4 cxd4 5.cxd4 Nf6 6.Nc3 d5 7.e5 Ne4 8.Bd3 Nxc3
9.bxc3 O-O 10.O-O b6 11.Qe2 Qd7 12.Re1 Nc6 13.Ba3 Nd8 14.Rac1 Ne6 15.Qd2 Re8
16.Rb1 Bb7 17.Nh4 Qa4 18.Bc1 Ba6 19.Rb4 Qa5 20.Bb1 Rac8 21.Rb3 Bc4 22.Ra3 Qb5
23.Bc2 a5 24.Ba4 Qa6 25.Bxe8 Rxe8 26.Qd1 Nc7 27.f4 e6 28.g4 Nb5 29.Rb3 Bxb3
30.Qxb3 a4 31.Qb2 a3 32.Qe2 Rc8 33.Bd2 Rc4 34.Qe3 Qa4 35.Rc1 Na7 36.f5 Qb5
37.Qg5 Rc8 38.fxe6 fxe6 39.Qe7 Qe2 40.Qxe6+ Kh8 41.Bg5 Rf8 42.Qxd5 Nb5 43.Qg2
Nxc3 44.Bd2 b5 45.Re1 Qd3 46.Bxc3 Qxc3 47.Qe4 b4 48.Qe3 Bh6 49.Nxg6+ Kg7
50.Qxc3 bxc3 51.Nxf8 Kxf8 52.d5 c2 53.Kg2 c1=Q 54.Rxc1 Bxc1 55.Kf3 Bg5 56.Ke4
Ke7 57.Kf5 h6 58.h3 Bh4 59.Kf4 Kd7 60.Kf5 Ke7 61.Kg6 Bg5 62.h4 Bxh4 63.Kxh6
Bg3 64.e6 Bf4+ 65.Kg6 Bd2 66.Kf5 Bc1 67.d6+ Kxd6 68.Kf6 {#r} 1-0

[Event "3rd UT-RGV IM Inv. 2017"]
[Site "masterchessopen.com Brownsville USA"]
[Date "2017.03.19"]
[Round "9.5"]
[White "Hevia,A"]
[Black "Haessel,D"]
[Result "1-0"]
[WhiteElo "2492"]
[BlackElo "2142"]

1.b3 e5 2.Bb2 Nc6 3.e3 Nf6 4.c4 Be7 5.Nc3 O-O 6.Nf3 Re8 7.Qc2 d5 8.cxd5 Nxd5
9.Nxd5 Qxd5 10.Bc4 Qd6 11.Qe4 Bf6 12.h4 g6 13.Ng5 Re7 14.g4 b5 15.Bd5 Bb7
16.Rc1 Rd8 17.Bxc6 Qxd2+ 18.Kf1 Qxb2 19.Rc2 Bxc6 20.Qxc6 Rd1+ 21.Ke2 Qxc2+
22.Qxc2 Rxh1 23.Qc6 Bxg5 24.Qa8+ {#r} 1-0

[Event "5th Iraq Int Open 2017"]
[Site "masterchessopen.com Baghdad IRQ"]
[Date "2017.03.19"]
[Round "6.1"]
[White "Didar,Mohammed Zhaher Hassan"]
[Black "Malakhatko,V"]
[Result "0-1"]
[WhiteElo "2225"]
[BlackElo "2488"]

1.d4 g6 2.Nf3 Bg7 3.g3 d6 4.Bg2 Nf6 5.O-O O-O 6.c4 Nc6 7.Nc3 a6 8.h3 Rb8 9.a4
Na5 10.Qd3 Nb3 11.Ra3 Nxc1 12.Rxc1 c5 13.d5 Nd7 14.e4 Ne5 15.Nxe5 Bxe5 16.Qc2
Bd7 17.Ne2 b5 18.axb5 axb5 19.cxb5 Rxb5 20.Nc3 Rb4 21.Rca1 Qb6 22.R1a2 Rb8
23.Ra6 Qc7 24.Ra7 R4b7 25.R7a3 Kg7 26.h4 Bd4 27.Bf1 e5 28.b3 f5 29.Bc4 f4
30.Kh2 Rf8 31.Nd1 Bc8 32.Ra8 Qd7 33.Rxc8 Rxc8 34.Ba6 Rcb8 35.Bxb7 Qxb7 36.Ra3
Rf8 37.Qa2 Rf7 38.gxf4 exf4 39.f3 Qe7 40.Kh3 h5 41.Qg2 Qd7+ 42.Kh2 Qb7 43.Nb2
Qe7 44.Kh3 Bxb2 45.Qxb2+ Qf6 46.Qxf6+ Kxf6 47.Ra6 Ke5 48.Rb6 Ra7 49.b4 c4
50.Rc6 Ra3 51.Kg2 Ra2+ 52.Kg1 Kd4 53.b5 Rb2 54.b6 c3 55.Kf1 c2 56.b7 Kd3
57.Rc7 Rxb7 58.Rxb7 c1=Q+ 59.Kg2 Qc2+ 60.Kh3 Qc8+ {#R} 0-1

[Event "5th Iraq Int Open 2017"]
[Site "masterchessopen.com Baghdad IRQ"]
[Date "2017.03.19"]
[Round "6.2"]
[White "Aliyev,E"]
[Black "Gagunashvili,M"]
[Result "0-1"]
[WhiteElo "2119"]
[BlackElo "2567"]

1.Nf3 d6 2.d4 Bg4 3.c4 Nd7 4.e4 Bxf3 5.Qxf3 g6 6.Nc3 Bg7 7.Qd1 c5 8.d5 Bxc3+
9.bxc3 Qa5 10.Qb3 Ngf6 11.f3 O-O-O 12.Bd2 h6 13.a4 g5 14.Qb5 Qc7 15.a5 a6
16.Qa4 g4 17.Rb1 h5 18.h4 Rhg8 19.Rb2 gxf3 20.gxf3 Ne5 21.Ke2 Kb8 22.Bf4 Ka8
23.Bh3 Rb8 24.Rhb1 Ng6 25.Bg3 e5 26.dxe6 Nf8 27.Bh2 fxe6 28.Rb6 e5 29.Qd1 Qf7
30.Qxd6 Qxc4+ 31.Kf2 N8h7 32.Bf5 Rbd8 33.Rxa6+ Qxa6 34.Qxa6+ bxa6 35.Bxe5 Rge8
36.Bc7 Rd2+ 37.Ke3 Rg2 38.Kd3 Nf8 39.e5 Rg3 40.Ke2 Rg7 41.Bd6 Ng6 42.f4 Nxh4
43.Bd3 Rb7 44.Kf1 Rxb1+ 45.Bxb1 Ng4 46.Be4+ Ka7 47.Bxc5+ Kb8 48.Bd6+ Kc8
49.Ke2 Kd7 50.c4 Nf6 51.Bb7 Nf5 52.c5 Nxd6 53.cxd6 Rb8 54.Bxa6 Nd5 55.f5 Rb3
56.Bc4 Re3+ 57.Kd2 Rxe5 58.a6 Kxd6 59.a7 Nc7 60.f6 Ra5 61.f7 Ke5 {#R} 0-1

[Event "5th Iraq Int Open 2017"]
[Site "masterchessopen.com Baghdad IRQ"]
[Date "2017.03.19"]
[Round "6.3"]
[White "Gharagyozian,A"]
[Black "Khodashenas,M"]
[Result "0-1"]
[WhiteElo "2179"]
[BlackElo "2366"]

1.e4 c5 2.Nf3 d6 3.d4 cxd4 4.Nxd4 Nf6 5.Nc3 a6 6.Be3 e6 7.a4 b6 8.g4 e5 9.Nf5
g6 10.g5 gxf5 11.gxf6 f4 12.Bc4 Ra7 13.Bd2 Be6 14.Nd5 Nd7 15.Qe2 a5 16.O-O-O
Bxd5 17.Bxd5 Qxf6 18.Qc4 Be7 19.Rhg1 Bd8 20.Rg2 Rc7 21.Qb3 Nf8 22.Qb5+ Ke7
23.Kb1 Ne6 24.Qxb6 Rxc2 25.Qa6 Rc5 26.b4 Rc7 27.bxa5 Nc5 28.Qb5 Ra7 29.Bb4 Bc7
30.Rc1 Rb8 31.Rxc5 Rxb5 32.Rxc7+ Rxc7 33.axb5 f3 34.Rg1 Qh4 35.Rf1 Rc4 36.Bxc4
Qxe4+ 37.Ka1 Qd4+ 38.Kb1 Qxc4 39.Bxd6+ Kxd6 40.Rd1+ Ke7 41.b6 Qb3+ 42.Kc1 Qc3+
{#R} 0-1

[Event "5th Iraq Int Open 2017"]
[Site "masterchessopen.com Baghdad IRQ"]
[Date "2017.03.19"]
[Round "6.4"]
[White "Babiy,Olga"]
[Black "Sadek,S"]
[Result "1-0"]
[WhiteElo "2334"]
[BlackElo "2315"]

1.e4 e6 2.d4 d5 3.Nc3 Nf6 4.e5 Nfd7 5.f4 c5 6.Nf3 Nc6 7.Be3 a6 8.Qd2 b5 9.dxc5
Bxc5 10.Bd3 Qb6 11.Bf2 b4 12.Na4 Bxf2+ 13.Qxf2 Qxf2+ 14.Kxf2 f6 15.exf6 gxf6
16.Rad1 Ke7 17.Rhe1 Kd6 18.g4 Bb7 19.c4 bxc3 20.bxc3 Rae8 21.Bc2 Na5 22.Nd4 e5
23.Nf5+ Kc7 24.Ne3 d4 25.cxd4 exf4 26.Ng2 Rxe1 27.Rxe1 h5 28.Nxf4 hxg4 29.Kg3
Bc6 30.Nc3 Nc4 31.Bf5 Nd6 32.Ncd5+ Kb7 33.Bxg4 f5 34.Bf3 Nb5 35.Rb1 Ka7 36.Rb4
Rg8+ 37.Kf2 Rh8 38.h3 Bxd5 39.Nxd5 Rxh3 40.Ne7 Rh2+ 41.Bg2 Nf6 42.a4 Ng4+
43.Kg1 Rxg2+ 44.Kxg2 Ne3+ 45.Kf2 Nc2 46.Nc6+ Kb6 47.Rb2 {#r} 1-0

[Event "5th Iraq Int Open 2017"]
[Site "masterchessopen.com Baghdad IRQ"]
[Date "2017.03.19"]
[Round "6.5"]
[White "Zozek,S"]
[Black "Mohammed,Latif Hamid"]
[Result "1-0"]
[WhiteElo "2289"]
[BlackElo "2061"]

1.d4 d5 2.c4 c6 3.Nf3 Nf6 4.cxd5 cxd5 5.Nc3 a6 6.Bf4 b5 7.e3 e6 8.Rc1 Bd6
9.Bxd6 Qxd6 10.Nxb5 Qb4+ 11.Qd2 Qxd2+ 12.Nxd2 Kd7 13.Nc3 Nc6 14.Nb3 Rb8 15.Be2
Kd6 16.O-O Re8 17.Rfd1 Re7 18.Rd2 Reb7 19.Na4 Ne4 20.Rdc2 Nb4 21.Rxc8 Rxc8
22.Rxc8 Nxa2 23.Nbc5 Nxc5 24.dxc5+ Kd7 25.c6+ Kxc8 26.cxb7+ Kxb7 27.Nc5+ Kb6
28.Nxa6 Nc1 29.Bf1 Nb3 30.Nb4 Kc5 31.Nc2 e5 32.f3 f5 33.Kf2 f4 34.exf4 exf4
35.Bd3 h6 36.Bg6 Kd6 37.Ke2 Ke5 38.Kd3 d4 39.Ne1 Kf6 40.Bh7 Ke5 41.Kc2 Na1+
42.Kb1 Nb3 43.Nd3+ Kd6 44.Nxf4 Nd2+ 45.Kc2 Nf1 46.Kd3 Nxh2 47.Ke2 g5 48.Nd3 g4
49.Kf2 h5 50.Bf5 Ke7 51.b4 Kd6 52.Bg6 h4 53.Bf5 h3 54.gxh3 Nxf3 55.hxg4 Ng5
56.Kg3 Kd5 57.Kh4 Nf3+ 58.Kh5 Nd2 59.g5 Kd6 60.g6 Ke7 61.g7 Kf7 62.Kh6 {#r}
1-0

[Event "5th Iraq Int Open 2017"]
[Site "masterchessopen.com Baghdad IRQ"]
[Date "2017.03.19"]
[Round "6.8"]
[White "Taleb,S"]
[Black "Ali,Ak"]
[Result "0-1"]
[WhiteElo "2076"]
[BlackElo "2278"]

1.c4 Nf6 2.Nc3 g6 3.g3 Bg7 4.Bg2 O-O 5.d3 d6 6.Bd2 c5 7.Nf3 Nc6 8.O-O Bg4 9.h3
Bd7 10.Kh2 Rb8 11.Rb1 a6 12.a3 b5 13.cxb5 axb5 14.b4 cxb4 15.axb4 d5 16.e4 d4
17.Ne2 e5 18.Nfg1 Ne8 19.Rc1 Qe7 20.Rc5 Nc7 21.f4 f6 22.fxe5 fxe5 23.Rxf8+
Bxf8 24.Nf3 Na6 25.Rc1 Naxb4 26.Neg1 Kh8 27.h4 Nxd3 28.Bg5 Qa3 29.Ra1 Nf2
30.Qb1 Qd3 31.Bf6+ Bg7 32.Bxg7+ Kxg7 33.Qc1 h6 34.Ra7 Nxa7 35.Qc7 Qc4 36.Qxb8
Ng4+ 37.Kh1 Qc5 38.Bh3 Nf2+ 39.Kg2 Nxh3 40.Nxh3 Bxh3+ 41.Kxh3 Qc8+ 42.Qxc8
Nxc8 43.Nxe5 Nd6 44.Kg2 b4 45.Nd3 b3 46.Nb2 Nxe4 47.Kf3 Nc5 48.Kf4 Kf6 49.g4
g5+ {#R} 0-1